[Event "Berkshire Berks & Bucks op-B"]
[Site "Berkshire"]
[Date "2023.08.26"]
[Round "1"]
[White "Ivan, Austin"]
[Black "James, Stephen B"]
[Result "0-1"]
[WhiteElo "1584"]
[BlackElo "1997"]
[PlyCount "166"]
[EventDate "2023.08.26"]
[EventType "swiss"]
[EventRounds "6"]
[EventCountry "ENG"]
[SourceTitle "CBM 216 Extra"]
[Source "ChessBase"]
[SourceDate "2023.11.30"]
[SourceVersion "1"]
[SourceVersionDate "2023.11.30"]
[SourceQuality "1"]

1. d4 Nf6 2. Bf4 g6 3. Nc3 d5 4. e3 Bg7 5. h4 h5 6. Be2 0-0 7. Nf3 c5 8. Ne5 Nc6 9. Qd2 cxd4 10. exd4 Qa5 11. f3 Be6 12. Nb5 Qxd2+ 13. Kxd2 Ne8 14. c3 a6 15. Nxc6 bxc6 16. Nc7 Nxc7 17. Bxc7 Bh6+ 18. Kc2 Bf5+ 19. Bd3 Bxd3+ 20. Kxd3 Rfe8 21. Rhe1 Rac8 22. Bg3 e6 23. b4 Ra8 24. Bd6 Red8 25. Bg3 Rd7 26. a4 Rb7 27. Reb1 Kh7 28. Rb2 Bf8 29. Rab1 Kg8 30. Bf4 Be7 31. g3 Bf6 32. Rg2 Kh7 33. g4 Bh8 34. gxh5 Rg8 35. Rbg1 Bf6 36. hxg6+ Rxg6 37. Rxg6 fxg6 38. a5 Rf7 39. Ke3 Rf8 40. Bg5 Bg7 41. f4 Rf7 42. Re1 Rf8 43. Kd3 Re8 44. Rh1 Rf8 45. Re1 Re8 46. Re2 Kg8 47. c4 Kf7 48. cxd5 exd5 49. Rxe8 Kxe8 50. Ke3 Kf7 51. Kd3 Ke6 52. Ke3 Bf8 53. Bd8 Bxb4 54. Bb6 Kf5 55. Bd8 Bd6 56. Kd3 Kxf4 57. Bg5+ Kg4 58. Kc2 Kf3 59. Kd3 Bc7 60. Bd2 Bd8 61. Be1 Bc7 62. Bd2 Kg4 63. Be1 Bg3 64. Bb4 Bxh4 65. Ke3 Bf6 66. Bd6 Kf5 67. Bc7 g5 68. Bg3 g4 69. Bd6 Bg5+ 70. Kd3 Bf4 71. Bb4 g3 72. Be1 g2 73. Bf2 Bh2 74. Kc3 Ke4 75. Kb4 g1Q 76. Bxg1 Bxg1 77. Kc5 Bxd4+ 78. Kxc6 Bc3 79. Kb6 d4 80. Kxa6 d3 81. Kb6 Bxa5+ 82. Kxa5 d2 83. Kb5 d1Q 0-1

[Event "BCF-chT2c 1415 (4NCL)"]
[Site "England"]
[Date "2015.05.03"]
[Round "10.237"]
[White "Bamber, Elaine"]
[Black "James, Stephen B"]
[Result "1/2-1/2"]
[WhiteElo "2071"]
[BlackElo "1988"]
[PlyCount "136"]
[EventDate "2015.03.29"]
[EventType "team-tourn"]
[EventRounds "11"]
[EventCountry "ENG"]
[SourceTitle "EXT 2016"]
[Source "ChessBase"]
[SourceDate "2015.10.08"]
[SourceVersion "1"]
[SourceVersionDate "2015.10.08"]
[SourceQuality "1"]
[WhiteTeam "Cambridge II"]
[BlackTeam "Grantham Sharks II"]
[WhiteTeamCountry "ENG"]
[BlackTeamCountry "ENG"]

1. e4 e5 2. Bc4 Nc6 3. d3 Nf6 4. Nf3 Bc5 5. 0-0 d6 6. c3 a6 7. b4 Ba7 8. a4 h6 9. Nbd2 0-0 10. Bb3 Ne7 11. Nc4 Ng6 12. Be3 Bxe3 13. fxe3 Be6 14. Qe1 Qe7 15. Nh4 Nxh4 16. Qxh4 Rae8 17. Rf3 Nd7 18. Qf2 c6 19. Bc2 d5 20. Na5 dxe4 21. dxe4 Nb6 22. Nb3 Nd7 23. Rb1 Rd8 24. Na5 Nb6 25. Rf1 Nc4 26. Nb3 Rd6 27. Rc1 Na3 28. Nc5 Nxc2 29. Qxc2 Bc4 30. a5 Rfd8 31. Rf2 f6 32. h3 Qf7 33. Qb2 Qc7 34. Rcc2 b6 35. axb6 Qxb6 36. Rcd2 a5 37. Rxd6 Rxd6 38. Rd2 Qd8 39. Rxd6 Qxd6 40. Qc2 axb4 41. cxb4 Bf7 42. Kf2 Kh7 43. Ke1 Qb8 44. Qd2 Qa7 45. Nd7 Qa8 46. Kf2 Be6 47. Qd6 Bxd7 48. Qxd7 Qf8 49. Qd2 Qe8 50. Ke2 Qe6 51. Qc2 Qd6 52. Qc5 Qe6 53. Qc2 Qe8 54. Kd3 Qb8 55. Qc4 Qa8 56. Ke2 Qa4 57. Kf2 Qd1 58. Kg3 Qe1+ 59. Kf3 h5 60. Qxc6 h4 61. Qc4 Qg3+ 62. Ke2 Qxg2+ 63. Kd1 Qg1+ 64. Kd2 Qg2+ 65. Qe2 Qxh3 66. Qh5+ Kg8 67. Qe8+ Kh7 68. Qh5+ Kg8 1/2-1/2

[Event "BCF-chT3 0708 (4NCL)"]
[Site "Sunningdale"]
[Date "2008.05.04"]
[Round "10.5"]
[White "James, Stephen B"]
[Black "Morrison, Lynne GP"]
[Result "1/2-1/2"]
[WhiteElo "2041"]
[BlackElo "1933"]
[PlyCount "89"]
[EventDate "2007.09.15"]
[EventType "team-tourn"]
[EventRounds "11"]
[EventCountry "ENG"]
[SourceTitle "EXT 2023"]
[Source "ChessBase"]
[SourceDate "2022.10.05"]
[SourceVersion "1"]
[SourceVersionDate "2022.10.05"]
[SourceQuality "1"]
[WhiteTeam "Mindsports"]
[BlackTeam "NW Eagles"]
[WhiteTeamCountry "ENG"]
[BlackTeamCountry "ENG"]

1. e4 c5 2. Nf3 d6 3. d4 cxd4 4. Nxd4 Nf6 5. Nc3 e6 6. g4 a6 7. g5 Nfd7 8. Be3 Be7 9. h4 b5 10. a3 Bb7 11. Qh5 Nc5 12. Bg2 Qc7 13. 0-0-0 Nc6 14. f4 g6 15. Qe2 0-0-0 16. Kb1 Kb8 17. Nxc6+ Bxc6 18. Rhe1 Qb7 19. Bd4 Rhe8 20. Bh1 Rc8 21. Qf2 b4 22. axb4 Qxb4 23. Bxc5 dxc5 24. e5 Bxh1 25. Rxh1 Red8 26. Qf3 Ka7 27. Qe4 Rb8 28. Qxb4 cxb4 29. Ne4 a5 30. b3 Kb6 31. Kb2 Kb5 32. h5 gxh5 33. Rxd8 Rxd8 34. Rxh5 Rd4 35. Nf6 Rxf4 36. Rxh7 Bc5 37. Rxf7 Bd4+ 38. Kc1 Bc3 39. Kd1 Rf1+ 40. Ke2 Re1+ 41. Kd3 Rxe5 42. g6 Rg5 43. g7 Bxf6 44. Rxf6 Rxg7 45. Rxe6 1/2-1/2

[Event "BCF-chT4a 0405 (4NCL)"]
[Site "Telford"]
[Date "2005.05.28"]
[Round "9.3"]
[White "James, Stephen B"]
[Black "Varnam, Liam"]
[Result "0-1"]
[WhiteElo "2046"]
[BlackElo "2092"]
[PlyCount "70"]
[EventDate "2004.11.06"]
[EventType "team-tourn"]
[EventRounds "11"]
[EventCountry "ENG"]
[SourceTitle "EXT 2006"]
[Source "ChessBase"]
[SourceDate "2005.11.24"]
[SourceVersion "1"]
[SourceVersionDate "2005.11.24"]
[SourceQuality "1"]
[WhiteTeam "Hilsmark Kingfisher III"]
[BlackTeam "Slough Sharks IV"]
[WhiteTeamCountry "ENG"]
[BlackTeamCountry "ENG"]

1. e4 e5 2. Nf3 Nc6 3. Bb5 a6 4. Ba4 Nf6 5. d3 b5 6. Bb3 Be7 7. 0-0 0-0 8. Nbd2 d6 9. a4 Bb7 10. Re1 Nd7 11. axb5 axb5 12. Rxa8 Qxa8 13. c3 Nc5 14. Bc2 Ne6 15. Nf1 Qd8 16. Ng3 g6 17. h3 Bf6 18. Nh2 Bg7 19. Ng4 Qh4 20. Ne3 Ne7 21. Bb3 Nc5 22. Ba2 Kh8 23. b4 Na4 24. Bd2 f5 25. exf5 gxf5 26. Nef1 f4 27. Ne4 d5 28. Nc5 Nxc5 29. bxc5 f3 30. Ng3 Ng6 31. Rf1 Nf4 32. Bxf4 exf4 33. Nh1 fxg2 34. Kxg2 f3+ 35. Kh2 Bc8 0-1

[Event "BCF-chT4a 0405 (4NCL)"]
[Site "Telford"]
[Date "2004.11.07"]
[Round "2.3"]
[White "James, Stephen B"]
[Black "Taylor, Geoffrey P"]
[Result "1-0"]
[WhiteElo "2075"]
[BlackElo "2156"]
[PlyCount "105"]
[EventDate "2004.11.06"]
[EventType "team-tourn"]
[EventRounds "11"]
[EventCountry "ENG"]
[SourceTitle "EXT 2006"]
[Source "ChessBase"]
[SourceDate "2005.11.24"]
[SourceVersion "1"]
[SourceVersionDate "2005.11.24"]
[SourceQuality "1"]
[WhiteTeam "Hilsmark Kingfisher III"]
[BlackTeam "Gloucestershire Gambits"]
[WhiteTeamCountry "ENG"]
[BlackTeamCountry "ENG"]

1. e4 c5 2. Nf3 Nc6 3. d4 cxd4 4. Nxd4 e6 5. Nc3 Nf6 6. Ndb5 d6 7. Bf4 e5 8. Bg5 a6 9. Na3 b5 10. Bxf6 gxf6 11. Nd5 Be6 12. c3 f5 13. exf5 Bxd5 14. Qxd5 Ne7 15. Qf3 Rc8 16. Nxb5 d5 17. Na3 Qb6 18. Qe2 Bh6 19. Qxa6 Bd2+ 20. Kd1 Qxf2 21. Qe2 Qxf5 22. Qxd2 0-0 23. Be2 d4 24. Rf1 Qg6 25. Qd3 e4 26. Qg3 d3 27. Qxg6+ hxg6 28. Bxd3 Rfd8 29. Nc2 Nf5 30. g4 Rxd3+ 31. Ke2 Nh4 32. Rad1 Rh3 33. Rf2 Nf3 34. Nd4 Ne5 35. Rg2 Rb8 36. Nb3 Nd3 37. Kf1 Rf3+ 38. Kg1 Nf4 39. Rgd2 Nh3+ 40. Kg2 Nf4+ 41. Kh1 Nh3 42. Re1 f5 43. gxf5 gxf5 44. Nd4 Nf2+ 45. Kg2 Nd3 46. Nxf3 exf3+ 47. Kf1 Nxe1 48. Kxe1 Kf7 49. Kf2 Kf6 50. Kxf3 Rh8 51. c4 Rh3+ 52. Kg2 Rh7 53. c5 1-0

[Event "BCF-chT3 0102 (4NCL)"]
[Site "Birmingham"]
[Date "2002.03.23"]
[Round "7.7"]
[White "James, Stephen B"]
[Black "Phillips, David A"]
[Result "0-1"]
[WhiteElo "1904"]
[BlackElo "1984"]
[PlyCount "82"]
[EventDate "2001.09.??"]
[EventType "team-tourn"]
[EventRounds "11"]
[EventCountry "ENG"]
[SourceTitle "EXT 2003"]
[Source "ChessBase"]
[SourceDate "2002.11.25"]
[SourceVersion "1"]
[SourceVersionDate "2002.11.25"]
[SourceQuality "1"]
[WhiteTeam "Poisoned Pawns II"]
[BlackTeam "All Four Corners"]
[WhiteTeamCountry "ENG"]
[BlackTeamCountry "ENG"]

1. e4 e5 2. Nf3 Nc6 3. Bc4 Nf6 4. d3 Be7 5. 0-0 0-0 6. Bb3 d6 7. c3 a6 8. Nbd2 Na5 9. Bc2 c5 10. Re1 Qc7 11. Nf1 Re8 12. Ng3 b5 13. a4 b4 14. h3 Rb8 15. d4 b3 16. Bd3 exd4 17. cxd4 c4 18. Bf1 c3 19. Qd3 cxb2 20. Bxb2 Qc2 21. Rab1 d5 22. e5 Ne4 23. Nxe4 dxe4 24. Qxe4 Qxe4 25. Rxe4 Bf5 26. Ree1 Bb4 27. Red1 Bxb1 28. Rxb1 Rec8 29. Bxa6 Rc2 30. d5 Bc3 31. Bc1 Ra2 32. d6 Ra1 33. Bd3 b2 34. Bd2 Rxb1+ 35. Bxb1 Bxd2 36. Nxd2 Kf8 37. Kf1 Rc8 38. Ke2 Rc1 39. Kd3 Ke8 40. Ba2 Nc6 41. f4 Nb4+ 0-1

[Event "BCF-chT3 0102 (4NCL)"]
[Site "Birmingham"]
[Date "2002.01.20"]
[Round "6.6"]
[White "James, Stephen B"]
[Black "Sharp, Peter"]
[Result "1-0"]
[WhiteElo "1904"]
[BlackElo "2104"]
[PlyCount "91"]
[EventDate "2001.09.??"]
[EventType "team-tourn"]
[EventRounds "11"]
[EventCountry "ENG"]
[SourceTitle "EXT 2003"]
[Source "ChessBase"]
[SourceDate "2002.11.25"]
[SourceVersion "1"]
[SourceVersionDate "2002.11.25"]
[SourceQuality "1"]
[WhiteTeam "Poisoned Pawns II"]
[BlackTeam "Guildford II"]
[WhiteTeamCountry "ENG"]
[BlackTeamCountry "ENG"]

1. e4 Nf6 2. e5 Nd5 3. d4 d6 4. Nf3 dxe5 5. Nxe5 g6 6. Bc4 Be6 7. 0-0 Bg7 8. Re1 Nd7 9. Nf3 h6 10. Bb3 0-0 11. c3 c6 12. Bc2 Bg4 13. h3 Bxf3 14. Qxf3 e5 15. dxe5 Nxe5 16. Qd1 Re8 17. Nd2 Qb6 18. Rxe5 Bxe5 19. Nc4 Qc7 20. Nxe5 Rxe5 21. Bxh6 Rae8 22. c4 Nb4 23. Bb3 Qd8 24. Qf3 Qe7 25. Bd2 c5 26. Bc3 Re6 27. Qf4 Nc6 28. Ba4 Rd8 29. Bxc6 g5 30. Qg4 bxc6 31. Qh5 Rd4 32. Bxd4 cxd4 33. Qf3 Re1+ 34. Rxe1 Qxe1+ 35. Kh2 Qe5+ 36. g3 c5 37. Kg2 Qb8 38. Qd5 Qxb2 39. Qxg5+ Kh7 40. Qh5+ Kg8 41. Qg5+ Kh7 42. Qxc5 Qc3 43. Qd5 d3 44. Qxf7+ Kh6 45. h4 d2 46. g4 1-0

[Event "BCF-chT2 9900 (4NCL)"]
[Site "Birmingham"]
[Date "1999.10.09"]
[Round "1.7"]
[White "James, Stephen B"]
[Black "Hardman, Michael"]
[Result "1/2-1/2"]
[WhiteElo "1808"]
[BlackElo "2008"]
[PlyCount "63"]
[EventDate "1999.10.??"]
[EventType "team-tourn"]
[EventRounds "11"]
[EventCountry "ENG"]
[SourceTitle "EXT 2001"]
[Source "ChessBase"]
[SourceDate "2000.11.22"]
[SourceVersion "1"]
[SourceVersionDate "2000.11.22"]
[SourceQuality "1"]
[WhiteTeam "POI"]
[BlackTeam "BCCA"]
[WhiteTeamCountry "ENG"]
[BlackTeamCountry "ENG"]

1. e4 c5 2. Nf3 d6 3. d4 cxd4 4. Nxd4 Nf6 5. Nc3 g6 6. Be3 Bg7 7. f3 Nc6 8. Qd2 0-0 9. 0-0-0 Nxd4 10. Bxd4 Be6 11. Kb1 Qc7 12. g4 Rfc8 13. h4 Qa5 14. h5 Rxc3 15. Qxc3 Qxa2+ 16. Kc1 Rc8 17. Qe3 Bb3 18. Bd3 e5 19. Bc3 d5 20. cxb3 d4 21. Bb1 Qa5 22. Rxd4 exd4 23. Qxd4 Qc7 24. e5 Rd8 25. Qc4 Ne8 26. Qxc7 Nxc7 27. hxg6 hxg6 28. Be4 Nb5 29. f4 Nxc3 30. bxc3 b6 31. Kc2 g5 32. Bh7+ 1/2-1/2